000 00989nem a2200253 u 4500
005 20160519092903.0
008 160518b1993 -us||||| |a|| 00| 0 spa d
040 _aCO-BoIAVH
_cCO-BoIAVH
041 _aeng
044 _axxu
090 _aMC-
_b0316
110 1 _aEstados Unidos.
_bDefense Mapping Agency.
_969436
245 1 _aPuerto López :
_bColombia.
_cpreparado y publicado por Defense Mapping
_h[Material Cartografico]/
255 _a1:100,000
260 _aEstados Unidos :
_bDefense Mapping Agency,
_c1993.
300 _a1 mapa :
_bcolor. ;
_c 60 x 76 cm
650 1 6 _aInfraestructura.
_zPuerto López (Colombia).
_vMapa
_969437
650 1 6 _aGeografía.
_zPuerto López (Colombia).
_vMapa
_969438
650 1 6 _a Recursos de la tierra.
_zPuerto López (Colombia).
_vMapa
_969439
650 1 6 _aCarreteras.
_zPuerto López (Colombia).
_vMapa
_969440
650 1 6 _aHidrografía.
_zPuerto López (Colombia).
_vMapa
_969441
651 _aColombia.
_vMapa.
_zSaravena
_969442
942 _2z
_cMapa
999 _c18683
_d18683